Assisting development in low-income countries : Priorities for U.S. Government policy
Gardado en:
| Formato: | Libro |
|---|---|
| Idioma: | Undetermined |
| Publicado: |
New York
Committe for Economic Development
1969
|
| Những chủ đề: | |
| Các nhãn: |
Engadir etiqueta
Sen Etiquetas, Sexa o primeiro en etiquetar este rexistro!
|
| Thư viện lưu trữ: | Trung tâm Học liệu Trường Đại học Cần Thơ |
|---|
| LEADER | 00546nam a2200181Ia 4500 | ||
|---|---|---|---|
| 001 | CTU_82071 | ||
| 008 | 210402s9999 xx 000 0 und d | ||
| 082 | |a 338.91 | ||
| 082 | |b A848 | ||
| 245 | 0 | |a Assisting development in low-income countries : | |
| 245 | 0 | |b Priorities for U.S. Government policy | |
| 260 | |a New York | ||
| 260 | |b Committe for Economic Development | ||
| 260 | |c 1969 | ||
| 650 | |a Economic assistance | ||
| 650 | |x Developing countries. | ||
| 904 | |i Trọng Hải | ||
| 980 | |a Trung tâm Học liệu Trường Đại học Cần Thơ | ||